| 000 | 01233nam a22002657a 4500 | ||
|---|---|---|---|
| 001 | 7885 | ||
| 003 | FISKH | ||
| 005 | 20250813090947.0 | ||
| 008 | 250813b cb ||||| |||| 00| 0 eng d | ||
| 020 | _a9788184517279 | ||
| 040 |
_aFISKH _beng _cFISKH _dFISKH |
||
| 050 | _aPZ7 | ||
| 082 | _a823.91 | ||
| 100 | _aAnonymous | ||
| 245 |
_aPinocchio : _bPop-up fairy tale / |
||
| 260 |
_aNew Delhi : _bDreamland, _c2015. |
||
| 300 |
_a10 unnumbered pages : _bcolor illustrations ; _c20 cm |
||
| 505 | _aG | ||
| 520 | _aThe story follows Pinocchio, a wooden puppet carved by the kindly woodworker Geppetto. When a magical wish brings him to life, Pinocchio dreams of becoming a real boy. Along the way, he faces temptations and mischief—skipping school, telling lies (which make his nose grow), and trusting the wrong companions. With the help of his conscience, the Talking Cricket, and after learning lessons about honesty, courage, and responsibility, Pinocchio redeems himself. His good deeds are rewarded when the Blue Fairy transforms him into a real boy, bringing joy to Geppetto. | ||
| 521 | 8 |
_a380
_bLexile estimate |
|
| 521 | 8 |
_aG
_bRaz-Plus |
|
| 650 | _aWooden | ||
| 942 |
_2ddc _cBK _n0 |
||
| 999 |
_c7885 _d7885 |
||